Role of Sentiment in Households’ Financial Decision Making during the COVID-19 Pandemic: Survey from Empirical Research

Gespeichert in:
Bibliographische Detailangaben
1. Verfasser: Petrenko, Yuliya, 1985-
Weitere Verfasser: Boór, Matej, 1988-
Format: Buchkapitel
Sprache:Englisch
Schlagworte:
Tags: Tag hinzufügen
Keine Tags, Fügen Sie das erste Tag hinzu!

MARC

LEADER 00000naa a2200000 4500
001 0300530
005 20240603082342.4
041 0 |a eng 
044 |a TR 
245 1 0 |a Role of Sentiment in Households’ Financial Decision Making during the COVID-19 Pandemic: Survey from Empirical Research  |c Yuliya Petrenko, Matej Boór 
500 |a Abstrakt 
610 2 0 |a pandémia 
610 2 0 |a domácnosti 
610 2 0 |a rozhodovanie finančné 
610 2 0 |a správanie spotrebiteľa 
610 2 0 |a výskum 
100 1 |a Petrenko, Yuliya, 1985- 
700 1 |a Boór, Matej, 1988-